000 01155cam a22002537a 4500
001 4369413
003 OSt
005 20210525145326.0
008 900731s1990 sw b 000 0 spa
020 _a9187134101
040 _aCENDOC CAAAP
_bspa
_cCAAAP
050 _aFP
_b370 A59
100 1 _aAnrup, Roland.
_93051
245 1 3 _aEl taita y el toro :
_ben torno a la configuración patriarcal del régimen hacendario cuzqueño /
_cRoland Anrup.
260 _a[Stockholm] :
_bDepartamento de Historia, Universidad de Gotemburgo :
_bInstituto de Estudios Latinoamericanos, Universidad de Estocolmo,
_c1990.
300 _a280 p. ;
_c22 cm.
500 _a"Tesis doctoral"--T.p. verso.
500 _aErrata slip laid in.
504 _aIncludes bibliographical references (p.241-280).
505 0 _aEl presente y el pasado -- Fuentes y fundos -- Hombre y hábitat -- Patriarcalismo y paternalismo -- Padre y patrón -- Casa y choza -- Capilla y carnaval -- Castigo y calabozo -- Toro y tótem.
650 0 _aIndígenas quechua
_zPerú
_zCuzco (Región)
_xCondiciones económicas
_93049
650 0 _aHaciendas
_zPerú
_zCuzco (Región)
_93050
942 _2lcc
_cBK
999 _c1402
_d1402